ბათუმის შოთა რუსთაველის სახელმწიფო უნივერსიტეტის ბიბლიოთეკა

ჩანაწერი Personal Name

ჩანაწერთა რაოდენობა, რომელიც გამოყენებულია: 1

001 - CONTROL NUMBER

  • control field: 24232

003 - CONTROL NUMBER IDENTIFIER

  • control field: GE_BSU

005 - DATE AND TIME OF LATEST TRANSACTION

  • control field: 20250203163726.0

008 - FIXED-LENGTH DATA ELEMENTS

  • fixed length control field: 250203|| aca||aabn | a|a d

040 ## - CATALOGING SOURCE

  • Original cataloging agency: GE_BSU
  • Transcribing agency: GE_BSU

100 ## - HEADING--PERSONAL NAME

  • Personal name: Wilson, J.J.
  • Titles and other words associated with a name: author

670 ## - SOURCE DATA FOUND

  • Source citation: Work cat.: (GE_BSU)49648: Clare,Antonia. Wilson,J.J. 24231, Total English : Pre-intermediate (with key) (CD) /